| 000 | 00536nam a2200181 a 4500 | ||
|---|---|---|---|
| 005 | 20210223120727.0 | ||
| 008 | 991125s1967 ea 000 0 eng u | ||
| 035 | _aUPN01000006247 | ||
| 049 | _aCG | ||
| 050 | 4 |
_aQA303 _bM6.2 |
|
| 100 | 1 |
_aMoise, Edwim Evariste, _d1918-1998 _929273 |
|
| 245 | 1 | 0 |
_aCalculus / _cEdwin E. Moise. |
| 260 |
_aPalo Alto [E.U.A] : _bAddison-Wesley, _c1967. |
||
| 300 |
_av- : _bil. |
||
| 440 | 0 | _aAddison-Wesley series in mathematics | |
| 650 | 4 |
_aCALCULO - _vPROBLEMAS, EJERCICIOS, ETC. _94539 |
|
| 905 | _aLibro | ||
| 999 |
_c6247 _d6247 |
||